| 000 | 00379nam a22001571a 4500 | ||
|---|---|---|---|
| 020 | _a9781108001601 | ||
| 082 |
_a780.43 _bHEN/M |
||
| 100 | _aHenry F Chorley | ||
| 245 |
_aModern German music (vol.2)/ _cby Henry F Chorley |
||
| 260 |
_aBombay: _bSmith, Elder and Co, _c2009. |
||
| 300 | _a418p. | ||
| 650 | _aMusic Germany | ||
| 650 | _aMusic | ||
| 650 | _aArts | ||
| 942 | _cBK | ||
| 999 |
_c29145 _d29145 |
||